000 01215nam a2200325 c 4500
003 BLK
005 20180422114014.0
008 180410b bul|||||r ||||||| ||bul||
010 _aKNG00172172000
040 _aBLK
041 _aBUL
_cBUL
080 _aБългарска литература
_b821.163.2
_x-93-34
_z821.163.2-93-34
100 1 _aТрендафилова, Надя
_eпърви автор
_9364008
700 1 _aТузсузова, Нева
_eнарис.
_9367295
139 _aТрендафилова, Надя
_bТ 82
245 1 0 _aПриказка за голямата река
_cНадя Трендафилова; нарис. Нева Тузсузова.
257 _aBGR
260 София
_bБълг. писател
_c1959
_fСофия : литогр. Балкан
300 _a20 с.
_bс ил.
_c32 см
380 _aDX
500 _a30 000 тир.
653 _aприказки
653 _aлитература за деца
653 _aдетска литература
852 _aЦб ІІ 5217
856 4 _qpdf
_u
856 4 _qpdf
_u
942 _cKNG
_n0
944 _aCR
_c26.02.2015
_lф /
_kЛюдмила_Стоянова
944 _aED
_c27.02.2015
_lф /
_kЛюдмила_Стоянова
999 _c164638
_d164638